00503nam a2200169Ia 4500003000900000008004100009040001600050080001500066100001700081245005600098260003800154300001300192490006300205650001900268650002200287650002400309IN-BaIIA211028s9999 xx 000 0 eng d cIIA Library a539.2bGRE aGreen, H. S. 0aOrder-disorder phenomenacH.S. Green and C.A. Hurst aNew YorkbJohn Wiley & Sonsc1964 ax, 363p. aMonographs in statistical physics and thermodynamics; v. 5 aNASA thesaurus aPhase transitions aSolid state physics